000 00824nam a2200205Ia 4500
001 11722
003 GE_BSU
008 181216s||||||||xx |||||||||||||| ||und||
040 _cGE_BSU
080 _a37(479.22)(09)+316(479.22)(09)
100 _aგაფრინდაშვილი,მიხეილ. Гаприндашвили,М.М.
245 _aქართული განმანათლებლობა. Грузинское просветительство.
245 _cრედ:ლ.გორგილაძე; მხატვ:ვ.გიორგობიანი.
260 _aთბილისი
260 _bმეცნიერება
260 _c1966
300 _a322გვ;22სმ.
653 _aქართული განმანათლებლობა
942 _cBK
999 _c44903
_d44903